000 00782 a2200217 4500
008 080821t xxu||||| |||| 00| 0 eng d
010 _aENG-85007
020 _c100.00
035 _aEN-68540
037 _bD. B. Act / Pub
082 _a530
100 _aMittal, Vikas
245 _aLaboratory skills physics
_bclass XI
_cby Vikas Mittal and P. Rama Subramaniam
260 _aNew Delhi
_bArya Book Depot
_c2006
270 _a30, Naiwala, Karol Bagh
_bNew Delhi
_cDelhi
_e110005
_k25746324
300 _a248 p.
_bCol photos
_c24 cm. (Pbk)
650 _aPhysics
700 _aSubramaniam, P. Rama
942 _adpl
_cEN
_k530 / TRI
_2ddc
_h530
_m TRI
999 _c882
_d882